Pokémon que empiezan por la letra Z - Estadísticas

Estadísticas generales
  • Esta prueba ha sido intentada 17 veces
  • La puntuación promedio es 11 de 14
Estadísticas de respuestas
Gen. Tipo Respuesta % Correcto
I Eléctrico/Volador Zapdos
100%
III Normal Zangoose
92%
I Veneno/Volador Zubat
92%
VIII Hada Zacian
85%
VIII Lucha Zamazenta
85%
V Dragon/Eléctrico Zekrom
85%
V Siniestro Zoroark
85%
V Siniestro Zorua
85%
VI Dragon/Tierra Zygarde
77%
V Eléctrico Zebstrika
69%
VII Eléctrico Zeraora
69%
III Normal Zigzagoon
69%
VIII Siniestro/Planta Zarude
62%
V Siniestro/Dragon Zweilous
62%
No se encontraron pruebas coincidentes
Distribución de puntuación
Porcentaje de gente con cada puntuación
Porcentaje por número respondido
Historial de tus puntuaciones
No has intentado esta prueba.